Rise and fall of environmental NGOs along the Mexico-us Border /

Guardat en:
Dades bibliogràfiques
Autor principal: Alfie Cohen, Miriam
Format: Text
Etiquetes: Afegir etiqueta
Sense etiquetes, Sigues el primer a etiquetar aquest registre!

MARC

LEADER 00000 a a2200000 04500
001 4476
003
040
100 |a Alfie Cohen, Miriam  
245 |a Rise and fall of environmental NGOs along the Mexico-us Border /  |c Miriam Alfie Cohen 
773 |g número 13; páginas 39-59  
999 |c 25459  |d 25459